00000000nam 2200000zi 4500
0019.935269
003CaOODSP
00520251024105509
006m     o  d f      
007cr mn|||||||||
008230509e202405##quc     ob   f000 0 eng d
020 |a9780660707440
040 |aCaOODSP|beng|erda|cCaOODSP
043 |an-cn---
0861 |aEn84-294/2024E-PDF
24500|aEmission factors and reference values.
24610|aEmission factors and referencevalues, version 2.0
250 |aVersion 2.0.
264 1|aGatineau Quebec : |bEnvironment and Climate Change Canada = Environnement et changement climatique Canada, |cMay 2024.
264 4|c©2024
300 |a1 online resource (iv, 12 pages)
336 |atext|btxt|2rdacontent
337 |acomputer|bc|2rdamedia
338 |aonline resource|bcr|2rdacarrier
500 |aIssued also in French under title: Coeffcients d'émission et valeurs de référence.
500 |aTitle from cover.
500 |a"Canada's greenhouse gas offset credit system."
500 |a"EC24060"--Page [ii].
504 |aIncludes bibliographical references.
650 0|aCarbon offsetting|zCanada.
650 0|aGreenhouse gas mitigation|zCanada.
7101 |aCanada. |bEnvironment and Climate Change Canada, |eissuing body.
77508|tCoeffcients d'émission et valeurs de référence.|w(CaOODSP)9.935272
794 |tEmission factors and reference values.|bVersion 3.0.|w(CaOODSP)9.955129
795 |tEmission factors and reference values.|bVersion 1.1.|w(CaOODSP)9.922460
85640|qPDF|s346 KB|uhttps://publications.gc.ca/collections/collection_2024/eccc/En84-294-2024-eng.pdf
8564 |qHTML|sN/A|uhttps://www.canada.ca/en/environment-climate-change/services/climate-change/pricing-pollution-how-it-will-work/output-based-pricing-system/federal-greenhouse-gas-offset-system/emission-factors-reference-values.html
986 |aEC24060